Statistics for Capital Cities Based on First Two Letters #2

Click here to take the quiz!

General Stats

  • This quiz has been taken 3,186 times
    (2,673 since last reset)
  • The average score is 14 of 24

Answer Stats

First Two LettersCapital City% Correct
PYPyongyang
88%
LJLjubljana
83%
TBTbilisi
82%
ULUlaanbaatar
80%
DHDhaka
77%
ZAZagreb
75%
YEYerevan
66%
JUJuba
65%
OUOuagadougou
65%
REReykjavik
65%
NDN'Djamena
63%
PHPhnom Penh
61%
APApia
60%
GUGuatemala City
55%
DIDili
51%
TRTripoli
51%
FRFreetown
48%
FUFunafuti
48%
WIWindhoek
46%
HOHoniara
45%
GEGeorgetown
40%
GIGitega
39%
GAGaborone
38%
CHChisinau
37%

Score Distribution

Percentile by Number Answered

Percent of People with Each Score

Your Score History

You have not taken this quiz since the last reset